Art - Devinez les peintres #1 - Statistiques

Statistiques générales
  • Ce quiz a été pris 1 401 fois
    643 depuis la dernière actualisation
  • Le résultat moyen est 22 sur 35
Statistiques - réponses
Par images Réponse % Correct
Van Gogh
99%
Dalí
94%
De Vinci
94%
Munch
90%
Van Gogh
88%
Delacroix
86%
Monet
86%
Monet
85%
Botticelli
84%
Vermeer
82%
Van Gogh
81%
Van Gogh
78%
De Vinci
77%
Van Gogh
76%
Renoir
72%
Monet
69%
Hokusai
67%
Michel-Ange
67%
Courbet
61%
Van Gogh
57%
Turner
56%
David
54%
De Vinci
53%
Manet
52%
Hopper
51%
Botticelli
50%
Friedrich
46%
David
45%
David
45%
David
42%
De Vinci
42%
Van Eyck
40%
Turner
35%
Dürer
15%
Gros
8%
Aucun quiz correspondant
Distribution des résultats
% des personnes avec chaque résultat
Percentile par nombre de réponses
Votre historique - résultats
Vous n’avez pas pris ce quiz depuis la dernière actualisation